[Event "Ponteareas op 2nd"]
[Site "Ponteareas"]
[Date "2019.04.20"]
[Round "1"]
[White "Bastos Gonzalez, Mario"]
[Black "Fernandez Lopez, Ricardo"]
[Result "0-1"]
[WhiteElo "1067"]
[BlackElo "1448"]
[PlyCount "74"]
[EventDate "2019.04.20"]
[EventType "swiss"]
[EventRounds "5"]
[EventCountry "ESP"]
[SourceTitle "CBM 190 Extra"]
[Source "ChessBase"]
[SourceDate "2019.07.15"]
[SourceVersion "1"]
[SourceVersionDate "2019.07.15"]
[SourceQuality "1"]

1. e4 c5 2. Nf3 d6 3. d4 cxd4 4. Nxd4 Nf6 5. Bd3 a6 6. c4 Nc6 7. Be3 e6 8. Nc3 Ne5 9. 0-0 Nxd3 10. Qxd3 Be7 11. f4 0-0 12. Rab1 Qc7 13. b3 Ng4 14. Bd2 Qb6 15. h3 Nf6 16. Be3 Qc7 17. f5 Nd7 18. Rf3 Ne5 19. Qe2 Nxf3+ 20. Qxf3 Bd7 21. Bh6 Bf6 22. Be3 Rae8 23. fxe6 fxe6 24. Qh5 Bc6 25. Qg4 Qb6 26. Re1 Bxd4 27. Bxd4 Qxd4+ 28. Kh1 Qxc3 29. Qh4 Rf4 30. Qxf4 Qxe1+ 31. Kh2 Qxe4 32. Qxe4 Bxe4 33. g3 Rf8 34. Kg1 d5 35. cxd5 exd5 36. Kh2 Rf1 37. a3 Rh1# 0-1

[Event "Ponteareas op 2nd"]
[Site "Ponteareas"]
[Date "2019.04.20"]
[Round "2"]
[White "Fernandez Lopez, Ricardo"]
[Black "Carpintero Munoz, Adrian"]
[Result "1-0"]
[WhiteElo "1448"]
[BlackElo "1231"]
[PlyCount "55"]
[EventDate "2019.04.20"]
[EventType "swiss"]
[EventRounds "5"]
[EventCountry "ESP"]
[SourceTitle "CBM 190 Extra"]
[Source "ChessBase"]
[SourceDate "2019.07.15"]
[SourceVersion "1"]
[SourceVersionDate "2019.07.15"]
[SourceQuality "1"]

1. d4 d5 2. e3 c5 3. c3 Nc6 4. f4 Nf6 5. Bd3 c4 6. Bc2 Bg4 7. Nf3 e6 8. 0-0 g6 9. Nbd2 Bg7 10. Qe1 Bf5 11. e4 dxe4 12. Nxe4 0-0 13. Ne5 Qd5 14. Nxf6+ Bxf6 15. Bxf5 exf5 16. Qe2 Nxe5 17. fxe5 Bg7 18. Bg5 Rae8 19. Qd2 Rxe5 20. dxe5 Qc5+ 21. Qe3 Qxe3+ 22. Bxe3 Bxe5 23. Bxa7 Rd8 24. Rad1 Ra8 25. Bd4 f6 26. a3 Kf7 27. Rfe1 Bf4 28. Bc5 1-0